Beyond feelings : (Record no. 7242)

MARC details
000 -LEADER
fixed length control field 00631nam a22001937a 4500
003 - CONTROL NUMBER IDENTIFIER
control field OSt
005 - DATE AND TIME OF LATEST TRANSACTION
control field 20260110012949.0
008 - FIXED-LENGTH DATA ELEMENTS--GENERAL INFORMATION
fixed length control field 260110b |||||||| |||| 00| 0 eng d
020 ## - INTERNATIONAL STANDARD BOOK NUMBER
International Standard Book Number 1-55934-835-6
040 ## - CATALOGING SOURCE
Original cataloging agency DWCL-Admin lib
Transcribing agency OC
082 ## - DEWEY DECIMAL CLASSIFICATION NUMBER
Classification number Circ. 153.42 R843b 1998
100 ## - MAIN ENTRY--PERSONAL NAME
Personal name Ruggiero, Vincent Ryan
245 ## - TITLE STATEMENT
Title Beyond feelings :
Remainder of title a guide to critical thinking /
Statement of responsibility, etc. Vincent Ryan Ruggiero
260 ## - PUBLICATION, DISTRIBUTION, ETC.
Place of publication, distribution, etc. CA :
Name of publisher, distributor, etc. Mayfield Publishing Company,
Date of publication, distribution, etc. c1998
300 ## - PHYSICAL DESCRIPTION
Extent xvi, 223 p. :
Dimensions 23 cm.
504 ## - BIBLIOGRAPHY, ETC. NOTE
Bibliography, etc. note Includes bibliographical references and index
650 ## - SUBJECT ADDED ENTRY--TOPICAL TERM
Topical term or geographic name entry element 1. Critical thinking
942 ## - ADDED ENTRY ELEMENTS (KOHA)
Source of classification or shelving scheme Dewey Decimal Classification
Koha item type Book Circulation
Classification part Circ.
Suppress in OPAC No
952 ## - LOCATION AND ITEM INFORMATION (KOHA)
--
Holdings
Withdrawn status Lost status Source of classification or shelving scheme Damaged status Not for loan Home library Current library Shelving location Date acquired Source of acquisition Cost, normal purchase price Total Checkouts Full call number Barcode Date last seen Copy number Price effective from Koha item type Uniform Resource Identifier
    Dewey Decimal Classification     College Library College Library Circulation 08/13/2004 School Fund 0.00   Circ. 153.42 R843b 1998 40909 01/10/2026 c1 01/10/2026 BK-CIRC